[Event "Sampa Chess Open 2024"]
[Site "Sao Paulo"]
[Date "2024.01.30"]
[Round "3.1"]
[White "Fier, Alexandr"]
[Black "Filgueiras, Nathan Felipe"]
[Result "1-0"]
[WhiteElo "2549"]
[BlackElo "2321"]
[PlyCount "111"]
[EventDate "2024.01.29"]
[EventRounds "9"]
[EventCountry "BRA"]

1. Nf3 {Stockfish 16} Nf6 2. c4 e6 3. g3 b6 4. Bg2 Bb7 5. O-O Be7 6. b3 O-O 7.
Bb2 d5 8. e3 c5 9. Nc3 Nbd7 10. Qe2 Rc8 11. Rad1 ({RR} 11. Rac1 Re8 12. Nd1 Bf8
13. cxd5 exd5 14. d4 cxd4 15. Nxd4 Rxc1 16. Bxc1) ({RR} 11. Rac1 Re8 12. Nd1
Bf8 13. cxd5 exd5 14. d4 cxd4 15. Nxd4 Rxc1 16. Bxc1 {1/2-1/2 (16) Iturrizaga
Bonelli,E (2655)-Bruzon Batista,L (2707) Cochabamba 2013}) 11... Qc7 12. Nh4
Rfe8 $146 ({RR} 12... dxc4 13. bxc4 a6 ({RR} 13... Bxg2 14. Nxg2 Rfd8 ({RR} 
14... Qc6 15. f4 a6 16. e4 b5 17. e5 b4 18. Nb1 Ne8 19. d3 Nb6 20. Nd2 Na4 21.
Ba1 f5 22. Nb3 Nc7 23. h3 Rfd8 24. Kh2 Ra8 25. g4 g6 26. Ne3 Kh8 27. gxf5 gxf5
28. Nxf5) 15. d3 ({RR} 15. f4 Bf8 16. g4 Qc6 17. d3 a6 18. a4 Ne8 19. f5 exf5
20. Rxf5 Nd6 21. Rf4 Re8 22. Rdf1 Ne5 23. e4 b5 24. axb5 axb5 25. cxb5 Qb6 26.
Kh1 c4 27. dxc4 Ndxc4 28. Nd5) 15... Nb8 16. f4 Nc6 17. g4 Ne8 18. h4 Qd7 19.
a3 a6 20. h5 f6 21. f5 h6 22. Nf4 Nc7 23. fxe6 Nxe6 24. Ncd5 Rb8 25. Ng6 Nc7
26. Rf5 Nxd5 27. cxd5 Na7 28. e4) 14. f4 Rfd8 15. g4 Ne8 16. g5 Nd6 17. a4 Bxg2
18. Nxg2 Nf5 19. Qg4 Qc6 20. h4 h5 21. Qxh5 Ng3 22. Qg4 Nxf1 23. Rxf1 f5 24.
Qe2 Nf8 25. Ne1 Rc7 26. Nf3 Qd7 27. h5 {Fier,A (2549)-Matias Perez Gormaz 
(2388) Florianopolis 2024 [Stockfish 16] 1-0 (47)}) ({RR} 12... dxc4 13. bxc4
Bxg2 14. Nxg2 Rfd8 15. d3 Nb8 16. f4 Nc6 17. g4 Ne8 18. h4 Qd7 19. a3 a6 20. h5
f6 21. f5 h6 22. Nf4 Nc7 23. fxe6 Nxe6 24. Ncd5 Rb8 25. Ng6 Nc7 26. Rf5 Nxd5
27. cxd5 {Daghli,A (2354)-Babaniya,B (2184) Anzali Free Zone IRI 2019 1-0 (33)}
) 13. d3 a6 14. cxd5 exd5 15. d4 c4 16. Nf5 Bf8 17. g4 b5 18. g5 Ne4 19. Nxe4
dxe4 20. bxc4 bxc4 21. Bc3 g6 22. Ng3 Bg7 23. Qc2 f5 24. gxf6 Nxf6 25. Rb1 Bd5
26. Qa4 h5 27. Qxa6 Ra8 28. Qb6 Qxb6 29. Rxb6 Rxa2 30. Rc1 Kh7 31. Bf1 Ng4 32.
Rb5 Bg8 33. Bb2 h4 34. Ne2 Ra7 35. Nf4 Bh6 36. h3 Bxf4 37. hxg4 Bd6 38. Rb6 Rd7
39. Ra1 Rb8 40. Raa6 Rxb6 41. Rxb6 Be6 42. Bh3 g5 43. Bg2 Bxg4 44. Bxe4+ Kg7
45. Bc6 Rd8 46. e4 Bf4 47. e5 Bd2 48. Rb7+ Kg8 49. d5 Bc8 50. Rb8 Bf4 51. d6
Rf8 52. d7 Bxd7 53. Rxf8+ Kxf8 54. Bxd7 Ke7 55. Bf5 Bd2 56. Ba3+ 1-0

[Event "Sampa Chess Open 2024"]
[Site "Sao Paulo"]
[Date "2024.01.30"]
[Round "3.2"]
[White "Perez Gormaz, Matias"]
[Black "Di Berardino, Diego Rafael"]
[Result "1/2-1/2"]
[WhiteElo "2388"]
[BlackElo "2480"]
[PlyCount "29"]
[EventDate "2024.01.29"]
[EventRounds "9"]
[EventCountry "BRA"]

1. e4 c5 2. Nf3 d6 3. d4 cxd4 4. Nxd4 Nf6 5. Nc3 a6 6. Be3 e6 7. a3 b5 8. g4
Bb7 9. Bg2 Nc6 ({RR} 9... Nfd7 10. Qe2 Be7 11. O-O-O Nb6 12. Kb1 N8d7 13. f4
Rc8 14. Na2 Nc5 15. Bc1 Qc7 16. g5 O-O 17. h4 Rfe8 18. Rhe1 Bf8 19. Qf2 e5 20.
Nf5 Ne6 21. h5 Nxf4 22. g6 fxg6 23. hxg6 hxg6 24. Bxf4 {Kevlishvili,R (2491)
-Antova,G (2288) Charlotte USA 2021 1-0 (45)}) 10. g5 Nd7 11. Nxc6 $146 ({RR} 
11. f4 Rc8 12. h4 Be7 13. f5 Nxd4 14. Bxd4 O-O 15. Qd2 Ne5 16. O-O-O Nc4 17.
Qf2 e5 18. Ba7 Qa5 19. Nd5 Bxd5 20. Rxd5 f6 21. gxf6 Bxf6 22. Rh3 Rc6 23. Bf1
Rfc8 24. Bd3 Qc7 25. Kb1 Qb7 {Sasikiran,K (2688)-Andersen,M (2586) Helsingor
2017 1/2-1/2 (43)}) ({RR} 11. O-O Be7 12. Nxc6 Bxc6 13. f4 O-O 14. Qg4 Re8 15.
Rad1 Bf8 16. e5 Bxg2 17. Qxg2 Qc7 18. exd6 Bxd6 19. Ne4 Bf8 20. Rd3 Kh8 21. Rf3
f5 22. gxf6 Nxf6 23. Rh3 Rad8 24. Bd4 Qf7 25. Ng5 Qg6 {Vocaturo,D (2616)
-Huschenbeth,N (2571) Le Castella ITA 2018 1/2-1/2 (90)}) 11... Bxc6 12. Qd4 a5
13. O-O e5 14. Qd3 Rb8 15. Nd5 1/2-1/2

[Event "Sampa Chess Open 2024"]
[Site "Sao Paulo"]
[Date "2024.01.30"]
[Round "3.3"]
[White "Santiago, Yago De Moura"]
[Black "Dos Santos Dutra, Fernando Junior Fre"]
[Result "1-0"]
[WhiteElo "2467"]
[BlackElo "2262"]
[PlyCount "63"]
[EventDate "2024.01.29"]
[EventRounds "9"]
[EventCountry "BRA"]

1. d4 Nf6 2. c4 e6 3. Nc3 d5 4. Nf3 Bb4 5. g3 O-O 6. Bg2 c6 7. O-O Nbd7 8. Qc2
({RR} 8. Qb3 Be7 9. Bf4 Nh5 10. Bd2 Nb6 11. c5 Nc4 12. Qc2 b6 13. Na4 Nxd2 14.
Qxd2 bxc5 15. Nxc5 Bxc5 16. dxc5 a5 17. e4 Nf6 18. exd5 cxd5 19. Rac1 Qc7 20.
Rfe1 Rb8 21. b3 Ne4 22. Qf4 Qxf4 {Romanishin,O (2570)-Kortschnoj,V (2630) Wijk
aan Zee 1985 1/2-1/2 (41)}) ({RR} 8. Qb3 Be7 9. Rd1 b6 10. Bf4 Bb7 11. cxd5
Nxd5 12. Ne5 Nxe5 13. Bxe5 Qd7 14. e4 Nxc3 15. bxc3 Bd6 16. Bxd6 Qxd6 17. a4 c5
18. e5 Qc7 19. Bxb7 c4 20. Qb5 Qxb7 21. Qxc4 Rfc8 22. Qd3 Qd5 {Raja,R (2433)
-Haring,F (2357) Skalica SVK 2021 1/2-1/2 (36)}) 8... Re8 9. Rd1 b6 10. a3 $146
({RR} 10. Qa4 Bxc3 11. bxc3 Bb7 12. Ba3 Qc7 13. Rac1 c5 14. cxd5 exd5 15. e3 a6
16. dxc5 Nxc5 17. Qf4 Qxf4 18. gxf4 Nce4 19. c4 dxc4 20. Ne5 Rad8 21. Rxd8 Rxd8
22. Nxc4 b5 23. Na5 Bd5 24. Bb4 Be6 {Radovanovic,N (2420)-Irizanin,R (2296)
Kragujevac SRB 2018 1/2-1/2 (48)}) 10... Bf8 11. e4 dxe4 12. Nxe4 Nxe4 13. Qxe4
Nf6 14. Qxc6 Bd7 15. Qb7 Ba4 16. Re1 Re7 17. Qa6 Bc6 18. Ne5 Bxg2 19. Kxg2 Qc8
20. Qxc8 Rxc8 21. Be3 Nd7 22. Nxd7 Rxd7 23. Rec1 Be7 24. c5 b5 25. a4 b4 26. a5
f5 27. Rc4 b3 28. Ra3 Rb7 29. Rc3 Rb5 30. Raxb3 Rxa5 31. Rb7 Bf6 32. c6 1-0

[Event "Sampa Chess Open 2024"]
[Site "Sao Paulo"]
[Date "2024.01.30"]
[Round "3.4"]
[White "Ticona Rocabado, Licael Roderick"]
[Black "Shumyatsky, Victor"]
[Result "1/2-1/2"]
[WhiteElo "2350"]
[BlackElo "2457"]
[PlyCount "97"]
[EventDate "2024.01.29"]
[EventRounds "9"]
[EventCountry "BRA"]

1. d4 Nf6 2. c4 e6 3. e3 b6 4. Nf3 Bb7 5. Nbd2 g6 ({RR} 5... c5 6. Bd3 cxd4 7.
exd4 d5 8. b3 Bb4 9. O-O O-O 10. Bb2 Re8 11. Qc2 Nbd7 12. Rad1 Rc8 13. Qb1 g6
14. a3 Bf8 15. Rfe1 Rc7 16. cxd5 Nxd5 17. Ne4 N7f6 18. Rc1 Bh6 19. Rc4 Ba6 20.
Rxc7 {Jakubowski,K (2507)-Macieja,B (2613) Ustron 2006 0-1 (32)}) 6. Be2 Bg7
$146 ({RR} 6... c5 7. O-O Bg7 8. b3 O-O 9. Bb2 d6 10. Ne1 Qe7 11. Bf3 Nc6 12.
Nc2 Rfd8 13. Rb1 Rac8 14. Qe2 Ba6 15. Rfd1 d5 16. dxc5 bxc5 17. Qe1 e5 18. Bxd5
Nxd5 19. cxd5 Bd3 20. Rbc1 Bxc2 21. Rxc2 {Szily,J-Szabo,L Budapest 1968 0-1 
(40)}) 7. O-O O-O 8. b3 d6 9. Bb2 Nbd7 10. Qc2 c5 11. Rfd1 Qc7 12. Rac1 Rac8
13. Nf1 Qb8 14. Qb1 cxd4 15. Nxd4 a6 16. Bf3 Rfd8 17. Ng3 Ne5 18. Bxb7 Qxb7 19.
Nde2 h5 20. h3 h4 21. Nf1 g5 22. Nh2 Qe4 23. Bxe5 dxe5 24. Nf3 Rxd1+ 25. Rxd1
Qxb1 26. Rxb1 e4 27. Nfd4 Bf8 28. Rd1 Be7 29. Kf1 Kf8 30. g4 Ke8 31. Kg2 Rd8
32. Nc3 Bb4 33. Nc6 Rxd1 34. Nxd1 Bd6 35. b4 Kd7 36. b5 axb5 37. cxb5 Bc7 38.
f3 Kd6 39. Nc3 exf3+ 40. Kxf3 Kc5 41. Nd4 Kc4 42. Ne4 Nxe4 43. Kxe4 Bd8 44. Nc6
Bf6 45. a4 Kc5 46. Kd3 Kd6 47. Ke4 Kc5 48. Kd3 Kd6 49. Ke4 1/2-1/2

[Event "Sampa Chess Open 2024"]
[Site "Sao Paulo"]
[Date "2024.01.30"]
[Round "3.5"]
[White "Flores Quillas, Diego Saul Rodri"]
[Black "Tsuboi, Edson Kenji"]
[Result "1-0"]
[WhiteElo "2429"]
[BlackElo "2200"]
[PlyCount "49"]
[EventDate "2024.01.29"]
[EventRounds "9"]
[EventCountry "BRA"]

1. e4 c5 2. Nf3 e6 3. d4 cxd4 4. Nxd4 Nc6 5. Nc3 Qc7 6. g3 a6 7. Bg2 d6 8. O-O
Bd7 9. Re1 Be7 10. Nxc6 Bxc6 11. Ne2 ({RR} 11. Qd4 Nf6 12. Nd5 Bxd5 13. exd5 e5
14. Qb4 O-O 15. Be3 Nd7 16. a4 Rac8 17. a5 h6 18. c3 Bg5 19. Bxg5 hxg5 20. Qg4
Qd8 21. Rec1 Rc7 22. b4 f5 23. Qd1 e4 24. c4 Ne5 25. Qb3 Qf6 {Hovhannisyan,R 
(2610)-Mozharov,M (2514) Moscow 2012 1/2-1/2 (59)}) ({RR} 11. Qd4 Nf6 12. Nd5
Bxd5 13. exd5 e5 14. Qa4+ b5 15. Qb3 O-O 16. a4 Qc4 17. Bd2 Rfc8 18. Qxc4 bxc4
19. b4 c3 20. Be3 Ng4 21. Bb6 Bd8 22. Bxd8 Rxd8 23. Ra3 Rdc8 24. h3 Nf6 25. Re3
Rc4 {Gaehwiler,G (2402)-Kaenel,H (2283) Switzerland SUI 2021 1/2-1/2 (68)})
11... Nf6 12. Nd4 O-O 13. b3 d5 $146 ({RR} 13... Rfd8 14. c4 Be8 15. Bb2 Rac8
16. Qe2 Nd7 17. Nf3 Nc5 18. Rac1 Qb8 19. Nd4 Bf6 20. Red1 b5 21. cxb5 axb5 22.
Qg4 Kh8 23. Qf3 Qb6 24. Qe2 Rc7 25. Rc2 Rdc8 26. Nf3 Nxe4 27. Rxc7 Qxc7 28.
Qxe4 {Lugovskoy,M (2366)-Maletin,P (2572) Taganrog 2013 1/2-1/2 (60)}) 14. Bf4
Qd8 15. e5 Nd7 16. Qg4 Kh8 17. c4 Nb6 18. Red1 Qe8 19. Be3 Bd8 20. Rac1 Rc8 21.
cxd5 exd5 22. Nf5 g6 23. Nd6 Qe6 24. Qxe6 fxe6 25. Bh3 1-0

[Event "Sampa Chess Open 2024"]
[Site "Sao Paulo"]
[Date "2024.01.30"]
[Round "3.6"]
[White "Santanna, Paulo"]
[Black "De Menezes, Ricardo Fagner Dias"]
[Result "0-1"]
[WhiteElo "2021"]
[BlackElo "1675"]
[PlyCount "114"]
[EventDate "2024.01.29"]
[EventRounds "9"]
[EventCountry "BRA"]

1. Nf3 d5 2. e3 Nf6 3. c4 e6 4. b3 Be7 5. Bb2 c6 ({RR} 5... b6 6. cxd5 exd5 7.
Qc2 h6 8. Be2 O-O 9. Nc3 c5 10. d4 Ba6 11. Rd1 Qc8 12. dxc5 Qxc5 13. O-O Rd8
14. Nd4 Ne4 15. b4 Qc8 16. Bxa6 Nxa6 17. Nxd5 Rxd5 18. Nc6 Bxb4 19. Rxd5 Bf8
20. Rd8 {Bauer,C (2621)-Grandadam,P (2334) Flims 2016 1-0}) 6. Nc3 ({RR} 6. Be2
O-O 7. Nc3 Qc7 8. Rc1 Re8 9. cxd5 cxd5 10. Nxd5 Qxc1 11. Nxe7+ Rxe7 12. Qxc1
Re8 13. O-O b6 14. Bb5 Rd8 15. Qc7 Rf8 16. Ba3 Na6 17. Bxa6 Bxa6 18. Bxf8 Bxf1
19. Bb4 Bb5 20. e4 Bd3 {Orta Vazquez,M (1390)-Pantiga Aguilar,A (1127) Collado
Villalba ESP 2021 1-0}) 6... Nbd7 7. d4 b6 $146 ({RR} 7... O-O 8. Bd3 c5 9.
cxd5 exd5 10. O-O cxd4 11. Nxd4 Nc5 12. Bf5 g6 13. Bxc8 Rxc8 14. Rc1 Nfe4 15.
Nde2 Bf6 16. Nxe4 Bxb2 17. Rxc5 dxe4 18. Rxc8 Qxc8 19. Qd5 Bg7 20. Qxe4 Rd8 21.
Rc1 Qxc1+ {0-1 (21) Becker,R (2073)-Dannenberg,A (1846) Bockenem 2003}) ({RR} 
7... O-O 8. Bd3 Ne8 9. c5 f5 10. Qc2 h6 11. Ne2 Nef6 12. Nf4 Nb8 13. Ne5 g5 14.
Nfg6 Re8 15. h4 g4 16. f3 h5 17. Qd2 Kg7 18. e4 Nbd7 19. Nxe7 Rxe7 20. Qg5+ Kf8
21. Ng6+ Ke8 22. Nxe7 {Singh,D (1495)-Hoang,V (1770) Taipa 2014 1-0 (42)}) 8.
Bd3 Bb7 9. Qe2 c5 10. cxd5 exd5 11. O-O O-O 12. Rac1 Re8 13. Rfd1 Bf8 14. Ba6
Qc8 15. Bxb7 Qxb7 16. dxc5 bxc5 17. Qd2 Nb6 18. a4 Rad8 19. a5 Na8 20. Qc2 Nc7
21. Na4 Ne4 22. Ne5 Ne6 23. f3 Nf6 24. Nd3 Rb8 25. Be5 Rbc8 26. Bxf6 gxf6 27.
Nf2 c4 28. Ng4 Bg7 29. Rb1 cxb3 30. Qxb3 Qxb3 31. Rxb3 Rc4 32. Nb2 Rc2 33. Nd3
h5 34. Ngf2 Bf8 35. Nb4 Bxb4 36. Rxb4 Re2 37. e4 d4 38. Nd3 Ra2 39. Rb2 Rxa5
40. Rbd2 Rc8 41. Nb4 Rc4 42. Nd5 Kg7 43. Ne7 Kh7 44. Nf5 Raa4 45. Kf1 Rcb4 46.
g3 a5 47. Ke2 Rc4 48. h4 Rab4 49. Nd6 Rc3 50. Nf5 Rcc4 51. Nd6 Rc6 52. Nf5 a4
53. Nxd4 a3 54. Nxe6 fxe6 55. Rd3 Rb2+ 56. R3d2 Rxd2+ 57. Kxd2 Rd6+ 0-1

[Event "Sampa Chess Open 2024"]
[Site "Sao Paulo"]
[Date "2024.01.30"]
[Round "3.8"]
[White "Terao, Juliana Sayumi"]
[Black "Matsuura, Everaldo"]
[Result "1/2-1/2"]
[WhiteElo "2198"]
[BlackElo "2410"]
[PlyCount "75"]
[EventDate "2024.01.29"]
[EventRounds "9"]
[EventCountry "BRA"]

1. e4 c5 2. Nf3 d6 3. c3 Nf6 4. h3 Nbd7 5. Bd3 g6 6. O-O Bg7 7. Re1 ({RR} 7.
Bc2 O-O 8. d4 e5 9. dxe5 Nxe5 10. Nxe5 dxe5 11. Bg5 Qb6 12. b3 Qc6 13. Bxf6
Qxf6 14. c4 Qg5 15. Qc1 Qh4 16. Nc3 f5 17. Qd2 Be6 18. Qe2 Rad8 19. Nd5 Rd7 20.
Rad1 f4 21. f3 Qd8 {Radeva,V (2192)-Osmanodja,F (2292) Antalya TUR 2019 1/2-1/
2 (49)}) 7... O-O 8. Bc2 e5 9. d4 Nh5 $146 ({RR} 9... a6 10. a4 b6 11. Bg5 Bb7
12. dxc5 Nxc5 13. Na3 Qc7 14. Bxf6 Bxf6 15. Nc4 Rad8 16. Ne3 Ne6 17. Bb3 Nf4
18. Nd5 Bxd5 19. Bxd5 Qc5 20. c4 Rd7 21. Qd2 a5 22. Ra3 Rb8 23. Rc1 Rc7 24.
Rcc3 {Homer,S (2190)-Ubilava,E (2533) Sunningdale 2011 0-1}) ({RR} 9... Re8 10.
Nbd2 exd4 11. cxd4 cxd4 12. Nxd4 d5 13. exd5 Rxe1+ 14. Qxe1 Nxd5 15. N2f3 N7f6
16. Bg5 b6 17. Bb3 Bb7 18. Rd1 h6 19. Bh4 Qf8 20. Qf1 Rc8 21. Bg3 Qc5 22. Qd3
Nh5 23. Be5 Ndf4 24. Qb5 {Ujhazi,I (2310)-Bulajic,R (2270) Vrnjacka Banja 1996
0-1}) ({RR} 9... Re8 10. dxc5 dxc5 11. Na3 Qe7 12. Nc4 Bf8 13. Bg5 h6 14. Bh4
b5 15. Ne3 Bb7 16. Nd5 Bxd5 17. exd5 Qd6 18. a4 b4 19. c4 a5 20. g4 Qc7 21. Nd2
Bd6 22. Ne4 Nxe4 23. Bxe4 Ra6 24. Qc2 {Slipak,S (2452)-Perez Ponsa,F (2390)
Buenos Aires 2010 1-0 (70)}) 10. dxe5 Nxe5 11. Na3 Nxf3+ 12. Qxf3 Be6 13. Rd1
Qb6 14. Qd3 Rfd8 15. Nc4 Qa6 16. Ne3 Qxd3 17. Bxd3 Nf6 18. c4 Nd7 19. Rb1 Ne5
20. b3 a5 21. a4 Re8 22. Bf1 Rad8 23. Bb2 f5 24. exf5 Bxf5 25. Nxf5 gxf5 26.
Bd3 Rf8 27. f4 Nc6 28. Re1 Bxb2 29. Rxb2 Nd4 30. Re7 Rf7 31. Rxf7 Kxf7 32. g4
h5 33. g5 h4 34. Kf2 Re8 35. Rb1 Re7 36. Rb2 Kg6 37. Rb1 Kf7 38. Rb2 1/2-1/2

[Event "Sampa Chess Open 2024"]
[Site "Sao Paulo"]
[Date "2024.01.30"]
[Round "3.9"]
[White "Vargas, Goncalo Cintra"]
[Black "Perdomo, Leandro"]
[Result "0-1"]
[WhiteElo "2041"]
[BlackElo "2382"]
[PlyCount "61"]
[EventDate "2024.01.29"]
[EventRounds "9"]
[EventCountry "BRA"]

1. Nf3 Nf6 2. b3 g6 3. Bb2 Bg7 4. c4 O-O 5. g3 d6 6. Bg2 e5 7. d3 c5 8. O-O Nc6
9. Nc3 Ne8 10. Qd2 ({RR} 10. Nd2 Nc7 11. a3 a5 12. e3 Rb8 13. Nd5 b5 14. Qc2
Be6 15. Rae1 f5 16. f4 bxc4 17. dxc4 e4 18. Bxg7 Kxg7 19. Nc3 Ne8 20. g4 h6 21.
gxf5 gxf5 22. Ndxe4 fxe4 23. Nxe4 Ne7 24. Rd1 Qc7 {Artemiev,V (2709)-Carlsen,M
(2835) St Petersburg RUS 2018 1/2-1/2 (70)}) 10... Nc7 11. Rad1 ({RR} 11. e3 h6
12. Rfd1 Bg4 13. h3 Be6 14. Na4 Qd7 15. Kh2 f5 16. Rac1 b6 17. d4 e4 18. Ne1
cxd4 19. exd4 d5 20. Ba1 g5 21. Nc2 f4 22. cxd5 Bxd5 23. Nc3 f3 24. Bf1 Ne6 25.
Nxd5 Qxd5 {Ianov,V (2279)-Loy,K (2268) chess.com INT 2021 1-0 (40)}) 11... a6
$146 ({RR} 11... Rb8 12. Qc1 h6 13. e3 f5 14. Ne2 Kh7 15. Ne1 Qe7 16. Nc2 Bd7
17. Rfe1 b5 18. Qa1 Qf7 19. f4 Rfe8 20. Nc3 exf4 21. gxf4 Ne7 22. cxb5 Nxb5 23.
Nxb5 Bxb5 24. Na3 Bxb2 25. Qxb2 Nd5 26. Qd2 {Blatny,P (2485)-Stohl,I (2560)
Brno 1994 1-0 (51)}) 12. e3 f5 13. Na4 Ne6 14. Nc3 Bd7 15. Nd5 b5 16. Ne1 g5
17. f4 g4 18. Bc3 b4 19. Ba1 a5 20. Nc2 a4 21. Rb1 axb3 22. axb3 Ra2 23. Rb2
Ra7 24. Rbb1 Be8 25. Rf2 Ra2 26. Rbf1 Nc7 27. fxe5 dxe5 28. Qd1 Nxd5 29. Bxd5+
Kh8 30. e4 Qg5 31. exf5 0-1

[Event "Sampa Chess Open 2024"]
[Site "Sao Paulo"]
[Date "2024.01.30"]
[Round "3.10"]
[White "Dos Santos Junior, Haroldo Cunha"]
[Black "Santos, Marcus Vinicius Mor"]
[Result "1-0"]
[WhiteElo "2033"]
[BlackElo "2331"]
[PlyCount "89"]
[EventDate "2024.01.29"]
[EventRounds "9"]
[EventCountry "BRA"]

1. d4 Nf6 2. Nf3 g6 3. Bf4 Bg7 4. e3 O-O 5. Be2 d6 6. O-O Nc6 7. h3 Nd7 8. c4
e5 9. Bh2 f5 10. Nc3 g5 ({RR} 10... e4 11. Nd2 Nf6 12. Rc1 Ne7 13. b4 c6 14. a4
Be6 15. a5 d5 16. a6 b6 17. b5 Rc8 18. bxc6 Nxc6 19. Nb5 Qd7 20. Nd6 Rcd8 21.
Nb7 Rc8 22. c5 bxc5 23. Rxc5 g5 24. Bb5 f4 25. exf4 {Grachev,B (2654)-Karjakin,
S (2760) Moscow 2010 1-0 (37)}) 11. Rc1 $146 ({RR} 11. d5 Ncb8 12. Nd2 Nf6 13.
c5 Rf7 14. Nc4 Bf8 15. f3 h5 16. Qc2 Na6 17. cxd6 cxd6 18. a3 h4 19. e4 Nh5 20.
exf5 Nc5 21. Ne4 Bxf5 22. b4 Nd7 23. Qd2 Nf4 24. Kh1 Nb6 25. Ne3 Bg6 {
Poluektov,Y (2346)-Martiyan,A (2157) Alushta 2008 1-0 (46)}) ({RR} 11. dxe5
dxe5 12. Qd5+ Kh8 13. Rad1 g4 14. hxg4 fxg4 15. Nd2 Qe8 16. Nde4 Nb6 17. Qd2
Bf5 18. Ng3 Be6 19. Nd5 Rd8 20. Qc1 Qf7 21. b3 h5 22. Ne4 Bf5 23. Nc5 h4 24.
Nxb7 Rde8 25. Nc5 Bh6 {Budisavljevic,L (2511)-Sadhwani,R (2609) Riga LAT 2021
0-1 (31)}) ({RR} 11. dxe5 Ndxe5 12. Nxe5 Nxe5 13. Qd5+ Nf7 14. Rac1 c6 15. Qd2
Qf6 16. Rfd1 Be6 17. b3 Rad8 18. Bh5 Ne5 19. f4 gxf4 20. exf4 Ng6 21. Bg3 a6
22. Bf2 b5 23. cxb5 axb5 24. Bf3 Ne7 25. Qe1 Qf7 {Delega,T (2025)-Barski,R 
(2333) Poland 2016 0-1 (73)}) ({RR} 11. dxe5 Ndxe5 12. c5 dxc5 13. Qxd8 Rxd8
14. Nxg5 Rd2 15. Rab1 h6 16. Nf3 Nxf3+ 17. Bxf3 Ne5 18. Bxe5 Bxe5 19. Rfd1
Rxd1+ 20. Rxd1 c6 21. Rd8+ Kg7 22. Re8 Bd6 23. Ne2 Rb8 24. Nf4 c4 25. Nh5+ Kf7
{Prie,E (2499)-Nijboer,F (2566) Belgium 2010 0-1 (36)}) 11... g4 12. hxg4 fxg4
13. Ne1 exd4 14. exd4 Nxd4 15. Bxg4 Ne5 16. Bxc8 Rxc8 17. Nd5 c6 18. Ne3 Qh4
19. Bg3 Qe4 20. Rc3 Rf7 21. f3 Qg6 22. Bh2 Rcf8 23. Qxd4 Nxf3+ 24. Nxf3 Bxd4
25. Nxd4 Rxf1+ 26. Nxf1 Qb1 27. Nf3 Qxb2 28. Rd3 Qb6+ 29. Ne3 Qb1+ 30. Rd1 Qxa2
31. Rd2 Qb3 32. Kf2 Re8 33. Bf4 a5 34. Rxd6 a4 35. Rd7 a3 36. Ng4 Qb2+ 37. Kg3
Re6 38. Ng5 Qc3+ 39. Kh2 Qxc4 40. Nxe6 Qxe6 41. Nh6+ Kf8 42. Rxb7 a2 43. Ra7
Qf6 44. Ra8+ Ke7 45. Ng8+ 1-0

[Event "Sampa Chess Open 2024"]
[Site "Sao Paulo"]
[Date "2024.01.30"]
[Round "3.11"]
[White "Gemy, Jose Daniel"]
[Black "Cardoso, Maria Paula Da Silv"]
[Result "1-0"]
[WhiteElo "2329"]
[BlackElo "1780"]
[PlyCount "97"]
[EventDate "2024.01.29"]
[EventRounds "9"]
[EventCountry "BRA"]

1. e4 c5 2. Nf3 d6 3. d4 cxd4 4. Nxd4 Nf6 5. Nc3 a6 6. Bg5 e6 7. f4 Be7 8. Qf3
Qc7 9. O-O-O Nbd7 10. g4 h6 11. Bxf6 Bxf6 12. h4 Nb6 13. g5 Bxd4 14. Rxd4 Qc5
15. Rd2 ({RR} 15. Qd3 hxg5 16. b4 Qc7 17. fxg5 Bd7 18. Rxd6 Nc8 19. Rd4 Nb6 20.
g6 fxg6 21. e5 ({RR} 21. Rd6 O-O-O 22. Bh3 e5 23. Bxd7+ Rxd7 24. Rxd7 Qxd7 25.
Rg1 Qc6 26. Nd5 Kb8 27. Qc3 Qxc3 28. Nxc3 Rxh4 29. Rxg6 Nc4 30. Rxg7 Rh1+ 31.
Nd1 Re1 32. Rd7 Rxe4 33. Nc3 Rh4 34. a4 Nb6 35. Re7 Rh1+) 21... O-O-O 22. Bh3
Qxe5 23. Rd1 Rxh4 24. Na4 Qxd4 25. Qxd4 Rxd4 26. Nxb6+ Kc7 27. Rxd4 Kxb6 28.
Bxe6 Kc7 29. Rc4+ Kd6 {Federzoni,E (2170)-Garmendia Vega,G (1937)
Florianopolis 2024 1-0 (35)}) 15... Bd7 16. g6 ({RR} 16. Be2 Rc8 17. gxh6 Rxh6
18. h5 Na4 19. Nxa4 Bxa4 20. c3 Bc6 21. Rhd1 Ba4 22. b3 Bb5 23. c4 Bc6 24. Kb2
Rd8 25. Qg3 Bxe4 26. Rd4 Qf5 27. Qxg7 Rh7 28. Qg1 Qf6 29. Qg5 Qxg5 30. fxg5 d5
{Brkic,A (2621)-Van Foreest,J (2691) Riga LAT 2021 1-0 (39)}) 16... f6 $146 ({
RR} 16... O-O 17. gxf7+ Rxf7 18. Qg3 Raf8 19. f5 exf5 20. Qxd6 Qxd6 21. Rxd6
Bc6 22. Bh3 Kh8 23. Bxf5 Rxf5 24. exf5 Bxh1 25. Rxb6 Rxf5 26. b3 Rf4 27. Ne2
Rxh4 28. Ng3 Bc6 29. Nf5 Re4 30. Nd6 Re7 31. Rb4 {Martins,C (2231)-Magallanes,
R (2036) chess.com INT 2021 1-0 (73)}) ({RR} 16... fxg6 17. Qg3 O-O-O 18. Bd3
g5 19. h5 gxf4 20. Qxf4 Bc6 21. Rg2 Rd7 22. Rf1 Qe5 23. Qg4 Kb8 24. Kb1 Re7 25.
a3 Nd7 26. Qh4 Nf6 27. Rh2 Rhe8 28. Rg1 d5 29. exd5 exd5 30. Rd2 d4 31. Ne2 {
Karttunen,M (2485)-Rudzinska,M (2222) chess.com INT 2021 1-0 (38)}) ({RR} 16...
O-O 17. Qd3 d5 18. Bh3 Nc4 19. Rg2 d4 20. Ne2 Ne3 21. Rg3 Bb5 22. c4 Rad8 23.
gxf7+ Kxf7 24. Nxd4 Rxd4 25. Qxe3 Qxc4+ 26. Kb1 Rc8 27. Qg1 g5 28. fxg5 Rd2 29.
Rf3+ Ke7 30. Rb3 Rcd8 31. Rc3 {Szalay-Ocsak,B (2055)-Cholleti,S (2235)
Budapest HUN 2021 0-1 (33)}) 17. Be2 Na4 18. Rhd1 Rc8 19. Rxd6 Nxc3 20. Qxc3
Qxc3 21. bxc3 Rc7 22. Bc4 Ke7 23. Bb3 Ra8 24. a4 b5 25. a5 Raa7 26. Rb6 Rxc3
27. Rdd6 Rac7 28. Kb2 R3c6 29. e5 fxe5 30. fxe5 Rc5 31. Bxe6 Rxc2+ 32. Kb3
R2c3+ 33. Kb4 Bc8 34. Bb3 Re3 35. Rdc6 Rxc6 36. Rxc6 Bd7 37. Rxa6 Rxe5 38. Rb6
Re4+ 39. Kc5 Re3 40. Bd5 Ra3 41. a6 Ra1 42. Bc6 Rc1+ 43. Kxb5 Rb1+ 44. Kc5 Rc1+
45. Kd5 Rd1+ 46. Ke5 Rd6 47. a7 Re6+ 48. Kd5 Rd6+ 49. Kc5 1-0

[Event "Sampa Chess Open 2024"]
[Site "Sao Paulo"]
[Date "2024.01.30"]
[Round "3.12"]
[White "Melian, Juan Sebastian"]
[Black "Cruz, Natan Gomes"]
[Result "1/2-1/2"]
[WhiteElo "2238"]
[BlackElo "1888"]
[PlyCount "40"]
[EventDate "2024.01.29"]
[EventRounds "9"]
[EventCountry "BRA"]

1. d4 d5 2. c4 e6 3. Nf3 Nf6 4. g3 dxc4 5. Bg2 Nbd7 6. Qa4 a6 7. Qxc4 b5 8. Qc2
Bb7 9. O-O Be7 ({RR} 9... Rc8 10. Rd1 c5 11. dxc5 Bxc5 12. Qd3 Be4 13. Qb3 Bc2
{0-1 (13) Cabrilo,G (2547)-Perunovic,M (2696) Belgrade 2014}) ({RR} 9... Rc8
10. Bg5 c5 11. dxc5 Bxc5 12. Qb3 O-O 13. Nc3 Qb6 14. Rad1 h6 15. Bxf6 Nxf6 16.
Ne5 Rfd8 17. Bxb7 Qxb7 18. Rxd8+ Rxd8 19. Rd1 Rxd1+ 20. Qxd1 Qc7 21. Nf3 g6 22.
Qd3 h5 23. Ne4 Nxe4 24. Qxe4 {Krivonosov,O (2362)-Nilsen,T (2271) chess.com
INT 2021 1/2-1/2 (65)}) 10. Bg5 $146 ({RR} 10. a3 c5 11. dxc5 Bxc5 12. b4 Be7
13. Bb2 O-O 14. Nbd2 Rc8 15. Qd3 Qc7 16. Rac1 Qb8 17. Rxc8 Rxc8 18. Ng5 Bxg2
19. Kxg2 Qb7+ 20. f3 Qd5 21. Nge4 Qxd3 22. exd3 Rc2 23. Bxf6 gxf6 24. Rf2 f5 {
Wittoch,H-Herzel,A Mecklenburg VP 1994 1/2-1/2 (51)}) ({RR} 10. Nbd2 c5 11.
dxc5 Nxc5 12. b4 Ncd7 13. a3 O-O 14. Bb2 a5 15. Qd3 axb4 16. axb4 Bxb4 17. Qxb5
Bxd2 18. Qxb7 Rb8 19. Bxf6 Nxf6 20. Qc6 Rc8 21. Qb5 Bc3 22. Rac1 Qd5 23. Qa4
Qa5 24. Qb3 Qb4 {Glavina,P (2405)-Cadarso,J La Coruna 1993 1/2-1/2 (49)}) ({RR
} 10. Rd1 O-O 11. Ne5 Bxg2 12. Kxg2 Nxe5 13. dxe5 {1/2-1/2 (13) Bogdanov,E 
(2217)-Inkiov,V (2471) Rosny sous Bois 2003}) 10... h6 11. Bd2 Rc8 12. Ba5 Nb6
13. Rd1 Nc4 14. Qc1 O-O 15. b3 Nd6 16. Nbd2 Bd5 17. Qb1 Nfe4 18. Nxe4 Nxe4 19.
Be1 Nf6 20. Qb2 Qd6 1/2-1/2